Obálka
Pro půjčování e-knih musíte být přihlášeni.
Jak si půjčit online?

Staré pověsti české /

Staré pověsti české převyprávěla autorka tak, aby jim snadno porozuměly i malé děti. Audiokniha ve formátu MP3 je ideální na cesty autem, jako pohádka před spaním i pro přípravu do školy. Příjemný poslech!

Uloženo v:
Hlavní autor: Eislerová, Jana (Autor)
Další autoři: Brabec, Vladimír (Autor)
Médium: E-audiokniha
Vydáno: Praha : Albatros Media a.s., 2015
Tagy:
Žádné tagy
LEADER 02226nim a22004817i 4500
001 313097
007 sr nunnnnnnned
024 |a 8594155752898 
044 |a xr 
100 1 |a  Eislerová, Jana  |4 aut 
245 1 0 |a Staré pověsti české /  |c  Eislerová, Jana 
264 1 |a Praha :  |b Albatros Media a.s.,  |c 2015 
300 |a 1 online zdroj (1 hod., 50 min., 0 sek.) 
336 |a mluvené slovo  |b spw  |2 rdacontent 
337 |a audio  |b s  |2 rdamedia 
338 |a online zdroj  |b cr  |2 rdacarrier 
505 0 0 |t 01 O praotci Cechovi (5 min., 15 sek.) 
505 0 0 |t 02 Krok a jeho dcery (5 min., 29 sek.) 
505 0 0 |t 03 Libuse a Premysl (5 min., 10 sek.) 
505 0 0 |t 04 Silak Bivoj (4 min., 42 sek.) 
505 0 0 |t 05 Divci valka (5 min., 41 sek.) 
505 0 0 |t 06 O Horymirovi (5 min., 15 sek.) 
505 0 0 |t 07 Oldrich a Bozena (5 min., 4 sek.) 
505 0 0 |t 08 Bretislav a Jitka (5 min., 11 sek.) 
505 0 0 |t 09 Svatopluk a jeho synove (5 min., 10 sek.) 
505 0 0 |t 10 O Bruncvikovi (5 min., 52 sek.) 
505 0 0 |t 11 O krali Jecminkovi (5 min., 11 sek.) 
505 0 0 |t 12 O Daliborovi z Kozojed (4 min., 57 sek.) 
505 0 0 |t 13 O Karlu IV (5 min., 25 sek.) 
505 0 0 |t 14 Karluv most (4 min., 1 sek.) 
505 0 0 |t 15 Kouzelnik Zito (5 min., 30 sek.) 
505 0 0 |t 16 Bila pani (5 min., 13 sek.) 
505 0 0 |t 17 Staromestsky orloj (5 min., 52 sek.) 
505 0 0 |t 18 Golem (5 min., 32 sek.) 
505 0 0 |t 19 Faustuv dum (4 min., 43 sek.) 
505 0 0 |t 20 Blanicti rytiri (5 min., 15 sek.) 
505 0 0 |t 21 Jak propast Macocha dostala sve jmeno (5 min., 48 sek.) 
520 2 |a Staré pověsti české převyprávěla autorka tak, aby jim snadno porozuměly i malé děti. Audiokniha ve formátu MP3 je ideální na cesty autem, jako pohádka před spaním i pro přípravu do školy. Příjemný poslech! 
700 1 |a  Brabec, Vladimír  |4 nrt 
910 |a RBIT002 
998 |d 354338  |a https://core.palmknihy.cz/api/books/354338/cover?sia8tc  |b https://core.palmknihy.cz/api/books/354338/cover/400?sia8tc  |c https://core.palmknihy.cz/api/books/354338/cover/50?sia8tc  |e 2058-12-05  |i 8594155752898  |l 6600  |q 49  |r 1  |s https://www.palmknihy.cz/kniha/354338  |t audiobook  |y 2015  |z 1 
999 |d 313095